banner-ar

ماذا يعرف الاقتصاديون عن التسعينات وما بعدها / (Record no. 44234)

MARC details
000 -الفاتح
حقل البيانات ثابتة الطول 00654nam a2200205Ia 4500
008 - عناصر البيانات ثابتة الطول - معلومات عامة
حقل البيانات ثابتة الطول 140319s9999 xx 000 0 ara d
040 ## - مصدر الفهرسة
وكالة الفهرسة الأصلية GCL /
وكالة النسخ GCL
082 04 - رقم تصنيف ديوى العشرى
رقم التصنيف 330.1
رقم المادة ك م
100 1# - المدخل الرئيسى - إسم شخصى
الإسم الشخصى دانيال رزق
245 10 - بيان العنوان
العنوان ماذا يعرف الاقتصاديون عن التسعينات وما بعدها /
بيان المسئوليه,etc دانيال رزق
700 1# - المدخل الاضافى - اسم شخصى
الإسم الشخصى كارسون، روبرت
700 1# - المدخل الاضافى - اسم شخصى
الإسم الشخصى احمد سعيد دويدار
300 ## - الوصف المادى
التعداد 335 ص
490 ## - بيان السلسلة
عنوان السلسلة
650 04 - المدخل الاضافى بالموضوع-مصطلح موضوعى
مصطلح موضوعي الاقتصاد
650 04 - المدخل الاضافى بالموضوع-مصطلح موضوعى
مصطلح موضوعي الاقتصاد العالمى
942 ## - عناصر المدخل الإضافي( كوها)
مصدر التصنيف او مخطط الترفيف Dewey Decimal Classification
Koha [default] item type كتاب
260 ## - PUBLICATION, DISTRIBUTION, ETC. (IMPRINT)
-- [S.N] :
-- الدار الدولية للنشر والتوزيع
Holdings
حالة التراجع حالة الفقد حالة تلف ليس للاعارة المكان المؤقت الموقع الحالى تاريخ الاكتساب اجمالي اﻻعارات رقم الطلب الباركود تاريخ اخر مشاهدة تاريخ تفعيل السعر نوع وعاء كوها
        مكتبة القاهرة الكبرى مكتبة القاهرة الكبرى 03/26/2014   330.1\ك م 107472 03/26/2014 03/26/2014 كتاب
        مكتبة القاهرة الكبرى مكتبة القاهرة الكبرى 03/26/2014   330.1\ك م 107473 03/26/2014 03/26/2014 كتاب
        مكتبة القاهرة الكبرى مكتبة القاهرة الكبرى 03/26/2014   330.1\ك م 107474 03/26/2014 03/26/2014 كتاب
        مكتبة القاهرة الكبرى مكتبة القاهرة الكبرى 03/26/2014   330.1\ك م 107475 03/26/2014 03/26/2014 كتاب
        مكتبة القاهرة الكبرى مكتبة القاهرة الكبرى 03/26/2014   330.1\ك م 107476 03/26/2014 03/26/2014 كتاب

Powered By

EGPV